Southampton Premier League Players - Statistics

General Stats
  • This quiz has been taken 1,110 times
    188 since last reset
  • The average score is 74 of 273
Answer Stats
The Saints % Correct
Adam Lallana
81%
Sadio Mané
80%
James Ward-Prowse
79%
Virgil van Dijk
79%
Adam Armstrong
76%
Fraser Forster
76%
Stuart Armstrong
76%
Alex McCarthy
71%
Jason McCarthy
70%
Ché Adams
69%
Matthew Le Tissier
69%
Rickie Lambert
69%
Graziano Pellè
68%
Aaron Ramsdale
67%
Micky Adams
67%
Nathaniel Clyne
65%
Kyle Walker-Peters
64%
Luke Shaw
64%
Danny Ings
61%
Theo Walcott
61%
Kelvin Davis
60%
Shane Long
60%
Steven Davis
60%
Jan Bednarek
59%
Paul Smith
59%
Jack Stephens
58%
Kenwyne Jones
58%
Oriol Romeu
58%
Paul Jones
58%
Ryan Bertrand
57%
José Fonte
55%
Victor Wanyama
55%
Dušan Tadić
54%
Fabrice Fernandes
54%
Mateus Fernandes
54%
Maya Yoshida
54%
Gavin Bazunu
52%
Taylor Harwood-Bellis
52%
Peter Crouch
51%
Tyler Dibling
51%
Ali Dia
50%
Kevin Davies
50%
Manolo Gabbiadini
50%
Morgan Schneiderlin
50%
Armel Bella-Kotchap
49%
Tyreke Johnson
49%
Calum Chambers
48%
Pierre-Emile Højbjerg
47%
Charlie Austin
46%
Nathan Redmond
46%
Dejan Lovren
45%
Duje Ćaleta-Car
45%
Jay Rodriguez
45%
Cédric Soares
44%
Paul Onuachu
44%
Paul Williams
44%
Roméo Lavia
44%
Andy Williams
43%
James Beattie
43%
David Hughes
42%
Jannik Vestergaard
42%
Mark Hughes
42%
Maik Taylor
41%
Cameron Archer
40%
Kevin Phillips
40%
Ryan Fraser
40%
Toby Alderweireld
40%
Artur Boruc
39%
Ross Stewart
39%
Carlos Alcaraz
37%
Kamaldeen Sulemana
37%
Will Smallbone
37%
Jay Robinson
36%
Matthew Robinson
36%
Moussa Djenepo
36%
Nathan Wood
36%
Paul Allen
36%
Sofiane Boufal
36%
Steve Wood
36%
Cuco Martina
35%
Dani Osvaldo
35%
Joe Aribo
35%
Marians Pahars
35%
Mohammed Salisu
34%
Yukinari Sugawara
34%
James Bree
33%
Flynn Downes
32%
Jordy Clasie
32%
Caleb Watts
31%
Francis Benali
31%
Ryan Manning
31%
Valentino Livramento
31%
Graeme Le Saux
30%
Angus Gunn
29%
Antti Niemi
29%
Armando Broja
29%
David Lee
29%
Romain Perraud
29%
Ben Brereton Díaz
28%
Dean Richards
28%
Gastón Ramírez
28%
Harrison Reed
28%
Lesley Ugochukwu
28%
Takumi Minamino
28%
Yan Valery
28%
Claus Lundekvam
27%
Danny Fox
27%
Jack Cork
27%
Jamie Redknapp
27%
Jason Dodd
27%
Kayne Ramsay
27%
Matt Targett
27%
Mohamed Elyounoussi
27%
Paulo Gazzaniga
27%
Gordon Watson
26%
Wayne Bridge
26%
Anders Svensson
25%
Ibrahima Diallo
25%
Michael Svensson
25%
Mislav Oršić
25%
Ronnie Edwards
25%
Rory Delap
25%
Sam Gallagher
25%
Mario Lemina
24%
Peter Reid
24%
Richard Hall
23%
Samuel Edozie
23%
Fitz Hall
22%
Josh Sims
22%
Maarten Stekelenburg
22%
Nathan Tella
22%
Sam McQueen
22%
Wesley Hoedt
22%
Alex Jankewitz
21%
Billy Sharp
21%
Egil Østenstad
21%
Guido Carrillo
21%
Iain Dowie
21%
Jason Puncheon
21%
Juan Larios
21%
Lyanco
21%
Michael Obafemi
21%
Mickey Evans
21%
Dave Beasant
20%
Eljero Elia
20%
Frankie Bennett
20%
Matt Oakley
20%
Sékou Mara
20%
Ainsley Maitland-Niles
19%
Albert Grønbæk
19%
Joe Lumley
19%
Jo Tessem
19%
Juanmi
18%
Kevin Moore
18%
Kevin Richardson
18%
Sam Amo-Ameyaw
18%
Welington
18%
Danny Higginbotham
17%
Frazer Richardson
17%
Garry Monk
17%
Jos Hooiveld
17%
Ken Monkou
17%
Willy Caballero
17%
Emmanuel Mayuka
16%
Graham Potter
16%
Guilherme do Prado
16%
Ian Andrews
16%
Leon Best
16%
Paul Telfer
16%
Steven Caulker
16%
Tim Flowers
16%
Chris Woods
15%
David Prutton
15%
Eyal Berkovic
15%
Henri Camara
15%
Jake Hesketh
15%
Kamari Doyle
15%
Lloyd Isgrove
15%
Martín Cáceres
15%
Maxwel Cornet
15%
Nigel Quashie
15%
Brett Ormerod
14%
Bruce Grobbelaar
14%
Carlton Palmer
14%
Chris Marsden
14%
Derek Allan
14%
Dom Ballard
14%
Jérémy Pied
14%
Mark Walters
14%
Neil Maddison
14%
Neil McCann
14%
Neil Shipperley
14%
Paul Murray
14%
Agustin Delgado
13%
Chris Baird
13%
Dan Nlundulu
13%
David Howells
13%
Florin Gardoș
13%
Hassan Kachloul
13%
Jake Vokins
13%
Jeff Kenna
13%
Kerry Dixon
13%
Mark Draper
13%
Uwe Rosler
13%
Kasey Keller
12%
Lee Powell
12%
Robbie Slater
12%
Scott Marshall
12%
Scott McDonald
12%
Simon Charlton
12%
Stuart Ripley
12%
Barry Venison
11%
Dani Rodrigues
11%
David Speedie
11%
Ben Reeves
10%
Dominic Gape
10%
Luis Boa Morte
10%
Richard Chaplow
10%
Ryan Seager
10%
Calum Davenport
9%
Dan Petrescu
9%
David Hirst
9%
Glenn Cockerill
9%
Jason Bowen
9%
Joachim Kayi Sanda
9%
Neil Heaney
9%
Shayne Bradley
9%
Tommy Widdrington
9%
Andrei Kanchelskis
8%
John Beresford
8%
Mikael Nilsson
8%
Neal Bartlett
8%
Neil Moss
8%
Perry Groves
8%
Steve Basham
8%
Yoann Folly
8%
Alan Blayney
7%
Alan Neilson
7%
Allan Tchaptchet
7%
Christer Warren
7%
Craig Maskell
7%
Darren Kenton
7%
Dexter Blackstock
7%
Filip Đuričić
7%
Imants Bleidelis
7%
Jelle Van Damme
7%
Jim Magilton
7%
Léandre Griffit
7%
Martin Cranie
7%
Matthew Bound
7%
Nicky Banger
7%
Oliver Bernard
7%
Paul Moody
7%
Paul Tisdale
7%
Ronnie Ekelund
7%
Russell Watkinson
7%
Scott Hiley
7%
Stig Johansen
7%
Tahar El Khalej
7%
Terry Hurlock
7%
Trond-Egil Soltvedt
7%
Ulrich van Gobbel
7%
Andreas Jakobsson
6%
Colin Cramb
6%
Duncan Spedding
6%
Kevin Gibbens
6%
Lee Todd
6%
Marco Almeida
6%
Patrick Colleter
6%
Peter Whiston
6%
Richard Dryden
6%
Stephen Crainey
6%
Steve De Ridder
6%
No matching quizzes found
Score Distribution
Percent of People with Each Score
Percentile by Number Answered
Your Score History
You have not taken this quiz since the last reset